[Event "IECG CP.2001.P.00034"]
[Site "IECG email"]
[Date "2001.10.01"]
[Round "?"]
[White "Meinczinger, Tibor"]
[Black "Gerwert, Thomas"]
[Result "0-1"]
[WhiteElo "1200"]
[BlackElo "2053"]
[PlyCount "36"]
[EventDate "2001.10.01"]
[EventType "tourn (corr)"]
[EventRounds "6"]
[SourceTitle "Corr 2008"]
[Source "ChessBase"]
[SourceDate "2008.06.24"]
[SourceVersion "1"]
[SourceVersionDate "2008.06.24"]
[SourceQuality "1"]

1. e4 g6 2. Nf3 Bg7 3. Nc3 c6 4. d4 d5 5. exd5 cxd5 6. Be3 Nc6 7. Qd2 Bg4 8. h3 Bxf3 9. gxf3 Nf6 10. 0-0-0 Rc8 11. f4 a6 12. Bg2 Na5 13. Bf1 b5 14. Be2 b4 15. Na4 b3 16. c3 bxa2 17. Kc2 Qd7 18. Nc5 Rxc5 0-1

[Event "IECG QE.2001.0.00001"]
[Site "IECG email"]
[Date "2001.04.30"]
[Round "?"]
[White "Harnell, Edwin"]
[Black "Meinczinger, Tibor"]
[Result "0-1"]
[WhiteElo "1300"]
[BlackElo "1200"]
[PlyCount "106"]
[EventDate "2001.04.30"]
[EventType "tourn (corr)"]
[EventRounds "6"]
[SourceTitle "Corr 2008"]
[Source "ChessBase"]
[SourceDate "2008.06.24"]
[SourceVersion "1"]
[SourceVersionDate "2008.06.24"]
[SourceQuality "1"]

1. e4 c5 2. Nf3 d6 3. d4 cxd4 4. Nxd4 Nf6 5. Nc3 g6 6. Bb5+ Bd7 7. Bg5 Bg7 8. 0-0 a6 9. Bxd7+ Nbxd7 10. Nf3 0-0 11. Qd2 Nc5 12. Rfe1 Re8 13. Bxf6 Bxf6 14. e5 Bg7 15. b4 Nd7 16. Rab1 Nxe5 17. Nxe5 Bxe5 18. Ne4 Rc8 19. Rbc1 e6 20. c4 Qc7 21. Red1 Red8 22. Qg5 Bxh2+ 23. Kxh2 d5+ 24. Ng3 dxc4 25. Rxd8+ Rxd8 26. Qf6 Rd5 27. Qf3 b5 28. Kg1 f5 29. a3 Qd8 30. Nf1 g5 31. Qe2 Qf6 32. Qh5 Qe7 33. Ne3 Rd3 34. Ra1 Qf7 35. Qxg5+ Qg6 36. Qxg6+ hxg6 37. g3 Kf7 38. a4 Rb3 39. axb5 axb5 40. Nc2 Rb2 41. Rc1 Kf6 42. Kg2 e5 43. Ne3 Ke6 44. Nc2 g5 45. Kg1 g4 46. Kg2 Kf6 47. Ne3 Kg5 48. Nd5 f4 49. gxf4+ exf4 50. Kg1 f3 51. Kf1 c3 52. Nxc3 Rxb4 53. Ne4+ Rxe4 0-1

[Event "IECG QE.2001.0.00001"]
[Site "IECG email"]
[Date "2001.04.30"]
[Round "?"]
[White "Poblete, Litos"]
[Black "Meinczinger, Tibor"]
[Result "1/2-1/2"]
[WhiteElo "1204"]
[BlackElo "1200"]
[PlyCount "69"]
[EventDate "2001.04.30"]
[EventType "tourn (corr)"]
[EventRounds "6"]
[SourceTitle "Corr 2008"]
[Source "ChessBase"]
[SourceDate "2008.06.24"]
[SourceVersion "1"]
[SourceVersionDate "2008.06.24"]
[SourceQuality "1"]

1. d4 Nf6 2. c4 g6 3. Nc3 Bg7 4. e4 d6 5. f3 0-0 6. Be3 e5 7. d5 c6 8. Bd3 cxd5 9. cxd5 Ne8 10. Qd2 f5 11. exf5 Bxf5 12. Nge2 Bxd3 13. Qxd3 Nd7 14. 0-0 Qa5 15. Rfd1 Rc8 16. Ne4 Ndf6 17. N2c3 a6 18. a3 Qd8 19. Ng5 Nc7 20. Bb6 Qe7 21. Bxc7 Qxc7 22. Ne6 Qb6+ 23. Kh1 Qxb2 24. Na4 Qf2 25. Nxf8 Rc2 26. Qf1 Qh4 27. Nb6 e4 28. Ne6 Rf2 29. Qc4 h5 30. Rac1 Rxg2 31. Kxg2 exf3+ 32. Kf1 Qxh2 33. Qc8+ Kh7 34. Ng5+ Kh6 35. Nf7+ 1/2-1/2